La función jurisdiccional de la contraloría general de la república. El juicio de cuentas.
Saved in:
| Main Author: | |
|---|---|
| Format: | Unknown |
| Published: |
Santiago, Chile:
Ius Civile,
2022.
|
| Edition: | Segunda edición actualizada corregida y aumentada. |
| Subjects: | |
| Tags: |
Add Tag
No Tags, Be the first to tag this record!
|
MARC
| LEADER | 00000 a2200000 4500 | ||
|---|---|---|---|
| 003 | CL-VaPUC | ||
| 005 | 20220908165043.0 | ||
| 008 | 220826t2022 ||||| |||| 00| 0 eng d | ||
| 999 | |c 438526 |d 438524 | ||
| 020 | |a 978-956-9050-23-7 | ||
| 040 | |c Pontificia Universidad Católica de Valparaíso | ||
| 082 | 7 | |a 343.83030269 HAN 2022 |2 22 | |
| 100 | |a Hanssen Tallar, Carlos |9 875981 |e autor | ||
| 245 | |a La función jurisdiccional de la contraloría general de la república. |b El juicio de cuentas. | ||
| 250 | |a Segunda edición actualizada corregida y aumentada. | ||
| 260 | |a Santiago, Chile: |b Ius Civile, |c 2022. | ||
| 300 | |a 228 páginas. | ||
| 583 | |k Catalogador Asistente |c 20220826 | ||
| 610 | |a Contraloría General de la República |z Chile |9 860550 | ||
| 650 | |2 Jurisdicción de cuentas | ||
| 942 | |2 ddc |c BK | ||
| 952 | |0 0 |1 0 |2 ddc |4 0 |6 343_830302690000000_HAN_2022 |7 0 |8 A |9 586444 |a BIBDER |b BIBDER |c GEN |d 2022-08-26 |e 22 |g 50000.00 |i 5654440 |l 0 |o 343.83030269 HAN 2022 |p 5654440 |r 2023-01-25 |t 1 |v 50000.00 |w 2022-08-26 |y BK |k DER | ||